000
00321nam a22001337a 4500
020
_a
0-07-064552-3
082
_a
629.1333 THU'H
100
_a
THUSISTON, DAVID B
_9
75221
245
_a
HOMEBUILT AIRCRAFT
260
_a
NEWYORK
_b
MCGRAW HILL
_c
1982
300
_a
210P
650
_a
AIRPLANES HOMEBUILT
_9
75222
942
_c
BK
999
_c
580685
_d
580685